000 01036nam a22003137a 4500
003 CHAP
005 20220329141810.0
008 971013s1962 r 00010 d
010 _a74004
011 _a74976
035 _a84535
040 _cCHAP
090 _aTesis
100 0 0 _aBarrientos Pérez, Facundo.
_910488
245 _aAprovechamiento de cruzas interraciales en el programa de mejoramiento de maíz en la mesa central
260 _aChapingo, Méx. :
_bEl autor,
_c1962
300 _a44 p.
_b: ilus.
502 _aTesis (M.C. Esp. en Genética) -- ENA. Colegio de Postgraduados
590 _aALEPH
_b10
_c20130110
_lUCH01
_h1417
590 _aBATCH-UPD
_b10
_c20130110
_lUCH01
_h0617
590 _aBATCH-UPD
_b10
_c20130410
_lUCH01
_h0300
590 _aBATCH-UPD
_b10
_c20130914
_lUCH01
_h0541
590 _aCONVERSION
_b10
_c20130109
_lUCH01
_h1340
650 1 4 _aMaíz
_xMejoramiento.
_971006
901 _aBK
942 _cFOLL
949 _bBC
_cTES
_d-39912
_eTS1
_i84535
_si
949 _bBC
_cTES
_d-39914
_eTS2
_fc.2
_i84535
_si
999 _c74004
_d74004